| 000 | 01109nam a22002897a 4500 | ||
|---|---|---|---|
| 003 | OSt | ||
| 005 | 20231103110203.0 | ||
| 008 | 231024s2021 mx ||||| |||| 001 0 spa d | ||
| 020 | _a9786073049696 | ||
| 040 |
_cCHAP _erda |
||
| 082 | 0 | 0 |
_222 _a305.563097275 _bS66 |
| 100 | 1 |
_9107404 _aSánchez Carrillo, Oscar |
|
| 245 | 1 | 0 |
_aRumbo al norte : _bNarrativas de jornaleros choles tseltales en la migración de Chiapas a Sonora / _cpor Oscar Sánchez Carrillo |
| 264 | 1 |
_aMéxico : _bUniversidad Nacional Autónoma de México, _c2021 |
|
| 300 |
_a288 páginas: _bcuadros. |
||
| 336 |
_2rdacontent _atexto _btxt |
||
| 337 |
_2rdamedia _asin medio _bn |
||
| 338 |
_2rdacarrier _avolumen _bnc |
||
| 504 | _aBibliografía páginas 281-288. | ||
| 650 | 4 |
_9187358 _aTrabajadores agrícolas _xCondiciones económicas _zChiapas |
|
| 650 | 4 |
_9188198 _aTrabajadores agrícolas _xCondiciones económicas _zSonora |
|
| 650 | 4 |
_9126745 _aTrabajadores migrantes _xCalidad de vida |
|
| 650 | 4 |
_9188199 _aCholes _xCondiciones económicas |
|
| 650 | 4 |
_9188200 _aTzeltales _xCondiciones económicas |
|
| 942 | _2ddc | ||
| 942 | _cLIBRO | ||
| 999 |
_c219321 _d219321 |
||